000 00808nam a2200265 a 4500
008 951213s1979||||[C 0 slo c
020 _c18 Kčs.
_q(2000 výtl.)
040 _aSNK
_bslo
_cSNK
_eAACR2
041 1 _aslo
_hrus
044 _axo
_cSK
080 _a159.942:7.01
080 _a7.01
080 _a7.01
080 _a159.942
100 1 _aRappoport, S. Ch.
_4aut
245 1 0 _aUmenie a emócie
_cS. Ch. Rappoport ; Vladimír Brožík, Jozef Michaláč
250 _a1., vyd.
260 _aBratislava
_bPravda
_c1979
_eBratislava
_fPravda
300 _a163 s., 8,01 AH
_c21 cm
490 0 _aČlovek a umenie
500 _aLit. 146. 146 zázn. lit. o knihách a čl. v jaz. slov., čes., nem. a bulh.
700 1 _aBrožík, Vladimír
_4trl
700 1 _aMichaláč, Jozef
_4bkd
958 _aA
999 _c14906
_d14906